000 00893nam a2200205 i 4500
001 41607
003 ES-MaACL
005 20230906160449.0
007 t|
008 190430s1868 sp ||||1| spa d
080 _a061.235(460.27 M.)(060.13)
110 2 _aAsamblea Española de la Asociación Internacional de Socorros a Heridos en Campaña (Madrid)
_9166932
245 1 0 _aEstatutos de la Asamblea Española de la Asociación Internacional de Socorros a Heridos en Campaña :
_breconocida como de utilidad pública por Real Orden de 6 de julio de 1864.
260 _aMadrid :
_b[s.n.],
_c1868 (
_fImp. de Alejandro Gómez Fuentenebro)
300 _a18 p. ;
_c22 cm.
610 2 4 _aAsamblea Española de la Asociación Internacional de Socorros a Heridos en Campaña (Madrid)-
_vEstatutos.
_9200437
852 4 _aES-MaACL
_jT-113-F-1
852 4 _aES-MaACL
_jT-157-F-8
999 _c41607
_d41607